[Event "34. Copenhagen Open (Politiken Cup)"]
[Site "Elsinore"]
[Date "2012.08.02"]
[Round "7"]
[White "Glud, Jakob Vang"]
[Black "Cherednichenko, Svetlana"]
[Result "1-0"]
[WhiteElo "2498"]
[BlackElo "2293"]
[PlyCount "75"]
[EventDate "2012.07.28"]
[EventType "swiss"]
[EventRounds "10"]
[EventCountry "DEN"]
[Source "ChessBase"]
[SourceDate "2012.08.24"]

1. c4 f5 2. g3 Nf6 3. Bg2 d6 4. Nc3 g6 5. d3 Bg7 6. e4 c6 7. Nge2 O-O 8. O-O
Nbd7 9. h3 e5 10. exf5 gxf5 11. f4 Nc5 12. b4 Ne6 13. Kh2 e4 14. dxe4 fxe4 15.
f5 Nc7 16. g4 h6 17. Bf4 d5 18. Qd2 Qe7 19. c5 Rd8 20. Nd4 Nh7 21. Rad1 Ng5 22.
h4 Nf7 23. g5 hxg5 24. hxg5 Bxd4 25. f6 Qe8 26. Qxd4 Ne6 27. Qe3 Nxf4 28. Qxf4
Qe5 29. Qxe5 Nxe5 30. Nxe4 Ng4+ 31. Kg3 Ne3 32. Nd6 Nxd1 33. Rxd1 a5 34. b5 Be6
35. Re1 Re8 36. g6 Kf8 37. g7+ Kg8 38. Rh1 1-0

[Event "34. Copenhagen Open (Politiken Cup)"]
[Site "Elsinore"]
[Date "2012.08.02"]
[Round "7"]
[White "Hansen, Anders1"]
[Black "Christophersen, David"]
[Result "1-0"]
[WhiteElo "1711"]
[BlackElo "1832"]
[PlyCount "89"]
[EventDate "2012.07.28"]
[EventType "swiss"]
[EventRounds "10"]
[EventCountry "DEN"]
[Source "ChessBase"]
[SourceDate "2012.08.24"]

1. b3 Nf6 2. Bb2 g6 3. Bxf6 exf6 4. c4 d5 5. cxd5 Qxd5 6. Nc3 Qa5 7. e3 Bb4 8.
Rc1 Bf5 9. Nf3 Ba3 10. Nb5 Bxc1 11. Qxc1 c6 12. Nd6+ Ke7 13. Nxb7 Qb4 14. Nc5
Nd7 15. Na6 Qd6 16. d4 Rac8 17. Nc5 Nxc5 18. dxc5 Qc7 19. b4 Rb8 20. Qc3 Rhd8
21. Nd4 Be4 22. f3 Bd5 23. a3 Rd7 24. Be2 a5 25. O-O axb4 26. axb4 Qa7 27. b5
cxb5 28. c6 Qc7 29. Qb4+ Qd6 30. Qxd6+ Rxd6 31. c7 Ra8 32. Bxb5 Rb6 33. Rc1 Bb7
34. Kf2 Bc8 35. Bd3 Ra2+ 36. Kg3 Rbb2 37. Nc6+ Kd6 38. Nd4 Rxg2+ 39. Kf4 g5+
40. Ke4 Bb7+ 41. Kf5 Bc8+ 42. Kxf6 g4 43. Rc6+ Kd7 44. Bf5+ Ke8 45. Bxc8 1-0

[Event "34. Copenhagen Open (Politiken Cup)"]
[Site "Elsinore"]
[Date "2012.08.02"]
[Round "7"]
[White "Hedman, Erik"]
[Black "Andersen, Morten"]
[Result "1-0"]
[WhiteElo "2381"]
[BlackElo "2181"]
[PlyCount "57"]
[EventDate "2012.07.28"]
[EventType "swiss"]
[EventRounds "10"]
[EventCountry "DEN"]
[Source "ChessBase"]
[SourceDate "2012.08.24"]

1. e4 e6 2. d4 d5 3. Nc3 Nf6 4. Bg5 Bb4 5. e5 h6 6. Be3 Ne4 7. Qg4 g6 8. Bd3 h5
9. Qf4 g5 10. Qf3 Bxc3+ 11. bxc3 Nxc3 12. Qg3 Rg8 13. Nf3 c5 14. dxc5 Nc6 15.
Nxg5 d4 16. Bd2 Qe7 17. O-O Bd7 18. f4 O-O-O 19. Bxc3 dxc3 20. Qe3 f6 21. exf6
Qxf6 22. Bh7 Rg7 23. Rad1 e5 24. h4 Qe7 25. Be4 exf4 26. Rxf4 Rf8 27. Rxd7 Kxd7
28. Qh3+ Ke8 29. Bxc6+ 1-0

[Event "34. Copenhagen Open (Politiken Cup)"]
[Site "Elsinore"]
[Date "2012.08.02"]
[Round "7"]
[White "Helin, Mikael"]
[Black "Larsen, Mikael"]
[Result "1-0"]
[WhiteElo "1905"]
[BlackElo "2067"]
[PlyCount "73"]
[EventDate "2012.07.28"]
[EventType "swiss"]
[EventRounds "10"]
[EventCountry "DEN"]
[Source "ChessBase"]
[SourceDate "2012.08.24"]

1. e4 d6 2. Nc3 g6 3. g3 Bg7 4. Bg2 c6 5. Nge2 e5 6. h3 Ne7 7. d3 Be6 8. O-O
O-O 9. f4 Nd7 10. Kh2 Qb6 11. f5 gxf5 12. Bg5 f6 13. Bd2 fxe4 14. Nxe4 d5 15.
N4c3 Nf5 16. Qc1 Kh8 17. g4 Nh4 18. Bh1 Rae8 19. Ng3 Bf7 20. Bh6 Qc7 21. a4 Rg8
22. Bg5 Ng6 23. Bh6 Bxh6 24. Qxh6 Nf4 25. Rae1 Rg6 26. Qh4 Nf8 27. Nf5 Be6 28.
Nd1 Rc8 29. Nde3 d4 30. Nc4 Bxf5 31. gxf5 Rg5 32. Be4 Nd5 33. Rg1 Qg7 34. Nxe5
Rxg1 35. Bxd5 cxd5 36. Rxg1 Qc7 37. Qxf6+ 1-0

[Event "34. Copenhagen Open (Politiken Cup)"]
[Site "Elsinore"]
[Date "2012.08.02"]
[Round "7"]
[White "Henningsen, Lasse"]
[Black "Johansson, Anders"]
[Result "1/2-1/2"]
[WhiteElo "1756"]
[BlackElo "2029"]
[PlyCount "50"]
[EventDate "2012.07.28"]
[EventType "swiss"]
[EventRounds "10"]
[EventCountry "DEN"]
[Source "ChessBase"]
[SourceDate "2012.08.24"]

1. d4 Nf6 2. Nf3 c5 3. c3 d5 4. Bf4 Nc6 5. e3 Qb6 6. Qb3 c4 7. Qc2 Bf5 8. Qc1
Nh5 9. Nbd2 Nxf4 10. exf4 Qd8 11. h3 h5 12. g3 e6 13. Be2 b5 14. Nh4 Ne7 15. b3
Ng8 16. a4 a6 17. Nxf5 exf5 18. O-O Nf6 19. axb5 axb5 20. Rxa8 Qxa8 21. bxc4
bxc4 22. Qb2 Bd6 23. Ra1 Qc6 24. Kg2 O-O 25. Qc2 g6 1/2-1/2

[Event "34. Copenhagen Open (Politiken Cup)"]
[Site "Elsinore"]
[Date "2012.08.02"]
[Round "7"]
[White "Jacobsen, Caroline Beer"]
[Black "Nordstrom, Hakon N"]
[Result "1/2-1/2"]
[WhiteElo "1587"]
[BlackElo "1776"]
[PlyCount "79"]
[EventDate "2012.07.28"]
[EventType "swiss"]
[EventRounds "10"]
[EventCountry "DEN"]
[Source "ChessBase"]
[SourceDate "2012.08.24"]

1. e4 e6 2. d4 d5 3. exd5 exd5 4. Bd3 Nf6 5. Ne2 Bd6 6. O-O c6 7. c3 Qc7 8. h3
O-O 9. Bg5 Nbd7 10. Qc1 Re8 11. Bf4 Ne4 12. Bxd6 Qxd6 13. Nd2 Ndf6 14. Nxe4
Nxe4 15. Qc2 Qh6 16. Rfe1 Bf5 17. Ng3 Nxg3 18. Bxf5 Nxf5 19. Qxf5 Re6 20. Rxe6
Qxe6 21. Qxe6 fxe6 22. Re1 Re8 23. f4 Kf7 24. Kf2 b6 25. Re5 Ke7 26. Kf3 Kd6
27. b4 a5 28. a3 g6 29. g4 axb4 30. axb4 c5 31. bxc5+ bxc5 32. f5 cxd4 33. cxd4
g5 34. Kg3 h6 35. h4 Re7 36. hxg5 hxg5 37. Kf3 exf5 38. Rxe7 fxg4+ 39. Kxg4
Kxe7 40. Kxg5 1/2-1/2

[Event "34. Copenhagen Open (Politiken Cup)"]
[Site "Elsinore"]
[Date "2012.08.02"]
[Round "7"]
[White "Jacobsen, Per"]
[Black "Pallesen, Jacob"]
[Result "0-1"]
[WhiteElo "1680"]
[BlackElo "1975"]
[PlyCount "62"]
[EventDate "2012.07.28"]
[EventType "swiss"]
[EventRounds "10"]
[EventCountry "DEN"]
[Source "ChessBase"]
[SourceDate "2012.08.24"]

1. b3 d5 2. Bb2 Bg4 3. d3 Nf6 4. Nd2 e6 5. Ngf3 Be7 6. e3 O-O 7. Be2 c5 8. O-O
Nc6 9. a3 Qc7 10. Rc1 e5 11. c4 Bxf3 12. Nxf3 d4 13. Qc2 Nd7 14. exd4 exd4 15.
b4 b6 16. b5 Nce5 17. Rfe1 Bd6 18. Nxe5 Nxe5 19. g3 f5 20. f4 Nf7 21. Bf3 Rae8
22. Re2 g5 23. fxg5 f4 24. gxf4 Bxf4 25. Rxe8 Rxe8 26. Rf1 Nxg5 27. Qg2 Kh8 28.
Bd5 Qe5 29. Kh1 Ne6 30. Qf2 Be3 31. Qf7 Rf8 0-1

[Event "34. Copenhagen Open (Politiken Cup)"]
[Site "Elsinore"]
[Date "2012.08.02"]
[Round "7"]
[White "Jensen, John Klaus"]
[Black "Svane, Troels"]
[Result "1-0"]
[WhiteElo "1874"]
[BlackElo "1723"]
[PlyCount "139"]
[EventDate "2012.07.28"]
[EventType "swiss"]
[EventRounds "10"]
[EventCountry "DEN"]
[Source "ChessBase"]
[SourceDate "2012.08.24"]

1. Nf3 Nf6 2. g3 g6 3. Bg2 Bg7 4. O-O O-O 5. c4 d6 6. Nc3 e5 7. d3 Nc6 8. Bg5
h6 9. Be3 Ng4 10. Bd2 Rb8 11. Qc1 Kh7 12. h3 Nf6 13. Nh2 Nd4 14. e3 Ne6 15. Nf3
Bd7 16. Rb1 Bc6 17. b4 a6 18. b5 Bd7 19. Qc2 a5 20. Rfc1 b6 21. Nd5 Bc8 22. Bc3
Bb7 23. e4 Nd7 24. Ne3 Nf6 25. Rd1 Bc8 26. d4 exd4 27. Nxd4 Bb7 28. Nxe6 fxe6
29. e5 Bxg2 30. exf6 Bxf6 31. Bxf6 Qxf6 32. Nxg2 Qf3 33. Nf4 Rxf4 34. gxf4 Rf8
35. Rd3 Qe4 36. Rc1 Qxf4 37. Rg3 Rf5 38. Rf1 Rg5 39. Qc3 Rf5 40. Rg4 Qe5 41.
Qg3 Qf6 42. h4 Rf3 43. Qg2 e5 44. Re1 Ra3 45. Re3 Rxa2 46. Rf3 Qe6 47. Rfg3
Ra1+ 48. Kh2 Qf6 49. Rxg6 Qxh4+ 50. Qh3 Rh1+ 51. Kxh1 Qxh3+ 52. Rxh3 Kxg6 53.
Kg2 Kf5 54. Rxh6 Ke4 55. Rh7 Kd4 56. Rxc7 a4 57. Ra7 Kxc4 58. Rxa4+ Kxb5 59.
Ra1 d5 60. Kf3 Kc4 61. Ke2 b5 62. Kd2 d4 63. f3 Kd5 64. Kd3 Kc5 65. Rb1 Kc6 66.
Ke4 Kc5 67. Kxe5 Kc4 68. f4 d3 69. f5 Kc3 70. Rxb5 1-0

[Event "34. Copenhagen Open (Politiken Cup)"]
[Site "Elsinore"]
[Date "2012.08.02"]
[Round "7"]
[White "Jensen, Jonbert"]
[Black "Nielsen, Bjorn"]
[Result "1-0"]
[WhiteElo "1632"]
[BlackElo "1534"]
[PlyCount "71"]
[EventDate "2012.07.28"]
[EventType "swiss"]
[EventRounds "10"]
[EventCountry "DEN"]
[Source "ChessBase"]
[SourceDate "2012.08.24"]

1. e4 e5 2. Nf3 Nc6 3. Bc4 Bc5 4. O-O Nf6 5. d3 O-O 6. h3 d5 7. exd5 Nxd5 8.
Bd2 Be6 9. a3 Nf4 10. Bxe6 Nxe6 11. Nc3 Bd6 12. Ne4 Be7 13. Bc3 f5 14. Ned2 e4
15. dxe4 f4 16. Ne5 Ncd4 17. Ndf3 Nb5 18. Qd2 Qxd2 19. Bxd2 Nd6 20. Rfe1 Rad8
21. Bb4 b6 22. a4 Nc5 23. Nc6 Rde8 24. Bxc5 bxc5 25. Nxa7 Nf7 26. Nc6 Nd8 27.
Nxe7+ Rxe7 28. Nd2 Ne6 29. f3 Nd4 30. Rac1 Rfe8 31. c3 Nf5 32. Nc4 Re6 33. Rcd1
Rg6 34. exf5 Rxe1+ 35. Rxe1 Rg3 36. Re7 1-0

[Event "34. Copenhagen Open (Politiken Cup)"]
[Site "Elsinore"]
[Date "2012.08.02"]
[Round "7"]
[White "Jensen, Michael Agermose"]
[Black "L'Ami, Alina"]
[Result "0-1"]
[WhiteElo "2113"]
[BlackElo "2372"]
[PlyCount "66"]
[EventDate "2012.07.28"]
[EventType "swiss"]
[EventRounds "10"]
[EventCountry "DEN"]
[Source "ChessBase"]
[SourceDate "2012.08.24"]

1. e4 c5 2. d4 cxd4 3. c3 dxc3 4. Nxc3 Nc6 5. Nf3 d6 6. Bc4 a6 7. O-O Nf6 8.
Bf4 Bg4 9. h3 Bh5 10. g4 Bg6 11. Qe2 e5 12. Rfd1 Nd7 13. Bg5 Be7 14. Rxd6 Bxg5
15. Rad1 Ncb8 16. Nxe5 Bf4 17. Rxd7 Nxd7 18. Nxd7 Rc8 19. e5 Qc7 20. Bb3 Bg5
21. e6 f5 22. Nd5 Qc6 23. Qe5 Rg8 24. gxf5 Bh5 25. f6 gxf6 26. Qg3 Rg6 27.
N7xf6+ Bxf6 28. Nxf6+ Rxf6 29. Qg8+ Rf8 30. Qxh7 Bxd1 31. Qg6+ Kd8 32. e7+ Kxe7
33. Qg7+ Kd6 0-1

[Event "34. Copenhagen Open (Politiken Cup)"]
[Site "Elsinore"]
[Date "2012.08.02"]
[Round "7"]
[White "Jensen, Morten Frank"]
[Black "Alfven, Jorgen"]
[Result "1/2-1/2"]
[WhiteElo "2037"]
[BlackElo "1848"]
[PlyCount "190"]
[EventDate "2012.07.28"]
[EventType "swiss"]
[EventRounds "10"]
[EventCountry "DEN"]
[Source "ChessBase"]
[SourceDate "2012.08.24"]

1. b3 e5 2. Bb2 Nc6 3. e3 Nf6 4. Bb5 d6 5. Nf3 a6 6. Bxc6+ bxc6 7. d4 e4 8.
Nfd2 d5 9. O-O Be7 10. c4 O-O 11. Nc3 Ng4 12. h3 Nh6 13. f4 f5 14. Qc1 Bf6 15.
Ba3 Rf7 16. Qc2 g5 17. Ne2 g4 18. Kh2 Rg7 19. Rg1 Be6 20. Rac1 Qe8 21. cxd5
Bxd5 22. Ng3 Bh4 23. Ndf1 Qg6 24. Qf2 Kh8 25. Rc5 Ng8 26. Qc2 Nf6 27. Rxc6 Bxc6
28. Qxc6 Rag8 29. d5 Ne8 30. Qxg6 hxg6 31. d6 cxd6 32. Nd2 Rc7 33. Nc4 d5 34.
Nb6 Rc2 35. Nxd5 Rxa2 36. Bb4 Kg7 37. Rc1 Bxg3+ 38. Kxg3 gxh3 39. Kxh3 Kh6 40.
Rh1 Kg7 41. Kg3 Kf7 42. Bc3 Ke6 43. Nb4 Re2 44. Bd4 Nf6 45. Nxa6 Nh5+ 46. Kh3
Rc8 47. Nc5+ Kd5 48. Na6 Rd2 49. Nb4+ Kd6 50. Be5+ Ke6 51. Ra1 Rd7 52. g4 fxg4+
53. Kxg4 Rb7 54. Ra6+ Kf7 55. Nc6 Re8 56. b4 Ng7 57. Bd4 Ne6 58. Ne5+ Kg8 59.
Bc3 Kh7 60. Ra1 Rc8 61. Rh1+ Kg8 62. Ba1 Rh7 63. Rb1 Rc2 64. Nxg6 Ng7 65. Rg1
Kf7 66. Ne5+ Ke6 67. f5+ Nxf5 68. Kf4 Rh4+ 69. Ng4 Nd6 70. Kg5 Rh3 71. Rf1 Nf7+
72. Kf4 Rc4 73. b5 Rb4 74. Bd4 Rxb5 75. Kxe4 Ng5+ 76. Kd3 Nf3 77. Bc3 Rd5+ 78.
Ke2 Rf5 79. e4 Rf7 80. e5 Ng1+ 81. Rxg1 Rxc3 82. Ra1 Rb7 83. Kd2 Rg3 84. Ra6+
Kf5 85. Ne3+ Kxe5 86. Ra5+ Ke6 87. Ra6+ Kf7 88. Ra3 Rb2+ 89. Kd3 Rb7 90. Ke4
Rb4+ 91. Kd3 Rb6 92. Kd2 Ke6 93. Rc3 Rd6+ 94. Ke2 Kf7 95. Nd5 Rxd5 1/2-1/2

[Event "34. Copenhagen Open (Politiken Cup)"]
[Site "Elsinore"]
[Date "2012.08.02"]
[Round "7"]
[White "Jensen, Simon Stibolt"]
[Black "Mouritsen, Jan"]
[Result "0-1"]
[WhiteElo "1687"]
[BlackElo "1822"]
[PlyCount "52"]
[EventDate "2012.07.28"]
[EventType "swiss"]
[EventRounds "10"]
[EventCountry "DEN"]
[Source "ChessBase"]
[SourceDate "2012.08.24"]

1. a3 e6 2. d4 Nf6 3. Nc3 d5 4. Bg5 Be7 5. Nf3 O-O 6. e3 c5 7. Qd2 b6 8. Be2
Bb7 9. Bf4 Nc6 10. h3 Rc8 11. O-O Ne4 12. Nxe4 dxe4 13. Ne5 Nxe5 14. Bxe5 Bd6
15. Bxd6 Qxd6 16. c3 e5 17. Rac1 Rfd8 18. Rcd1 exd4 19. exd4 cxd4 20. cxd4 Rc7
21. Qe3 f5 22. Rd2 f4 23. Qb3+ Bd5 24. Qd1 Qf6 25. Qa4 f3 26. Bd1 Qg5 0-1

[Event "34. Copenhagen Open (Politiken Cup)"]
[Site "Elsinore"]
[Date "2012.08.02"]
[Round "7"]
[White "Jensen, Torben Brieghel"]
[Black "Svane, Frederik"]
[Result "0-1"]
[WhiteElo "1514"]
[BlackElo "1676"]
[PlyCount "130"]
[EventDate "2012.07.28"]
[EventType "swiss"]
[EventRounds "10"]
[EventCountry "DEN"]
[Source "ChessBase"]
[SourceDate "2012.08.24"]

1. e4 c5 2. Nf3 Nc6 3. d4 cxd4 4. Nxd4 Nf6 5. Nc3 e5 6. Nb3 Bb4 7. f3 d5 8.
exd5 Nxd5 9. Bd2 Be6 10. Nxd5 Bxd5 11. c3 Be7 12. Qc2 Rc8 13. Bb5 a6 14. Bxc6+
Rxc6 15. O-O O-O 16. Rad1 Qc7 17. Qb1 Rd8 18. Be3 b5 19. Nc1 Bc4 20. Rfe1 Rcd6
21. Rxd6 Rxd6 22. Ne2 Qd8 23. Ng3 Bf6 24. Ne4 Bd3 25. Nxf6+ Qxf6 26. Qc1 Qd8
27. Bc5 Rd5 28. Qe3 f6 29. f4 e4 30. Bd4 Kf7 31. g4 Qd7 32. Qg3 Qd6 33. h4 h6
34. Kf2 Rxd4 35. cxd4 Qxd4+ 36. Qe3 Qxb2+ 37. Kg3 Qxa2 38. Rc1 Bc4 39. Rd1 Bd3
40. g5 Qe2 41. Qxe2 Bxe2 42. Ra1 b4 43. Ra4 b3 44. Rxe4 Bd1 45. Rb4 a5 46. Rb7+
Kg6 47. gxf6 Kxf6 48. Rb6+ Kf7 49. Rb7+ Kg6 50. f5+ Kf6 51. Rb6+ Kf7 52. Rb7+
Kg8 53. Rb8+ Kf7 54. Rb7+ Kf6 55. Rb6+ Ke5 56. Rb5+ Kd4 57. Rxa5 Kc4 58. Ra7 b2
59. Rb7 Bb3 60. Rc7+ Kd4 61. Rd7+ Bd5 62. Rxg7 b1=Q 63. f6 Qg1+ 64. Kf4 Qf2+
65. Kg4 Qf3# 0-1

[Event "34. Copenhagen Open (Politiken Cup)"]
[Site "Elsinore"]
[Date "2012.08.02"]
[Round "7"]
[White "Jorgensen, Carina Eilegaard"]
[Black "Schultz Pedersen, Jesper"]
[Result "0-1"]
[WhiteElo "2039"]
[BlackElo "2172"]
[PlyCount "98"]
[EventDate "2012.07.28"]
[EventType "swiss"]
[EventRounds "10"]
[EventCountry "DEN"]
[Source "ChessBase"]
[SourceDate "2012.08.24"]

1. c4 Nc6 2. d4 e5 3. d5 Nce7 4. e4 Ng6 5. Nf3 Nf6 6. Nc3 Bb4 7. Qc2 O-O 8. Bd3
c6 9. O-O Bxc3 10. Qxc3 cxd5 11. cxd5 d6 12. Nd2 Nf4 13. f3 N6h5 14. Rf2 Bd7
15. Nc4 Rc8 16. Qa3 b5 17. Nxd6 Nh3+ 18. Kf1 Nxf2 19. Kxf2 Qh4+ 20. Kf1 Qxh2
21. Nxc8 Rxc8 22. Qxa7 Ng3+ 23. Kf2 Bh3 24. Bd2 Qxg2+ 25. Ke3 Nh1 26. Rxh1 Qxh1
27. Kf2 Qg2+ 28. Ke1 Qxf3 29. Be3 Qh1+ 30. Kd2 Qc1+ 31. Ke2 Qxb2+ 32. Bd2 Bg4+
33. Ke3 Qa1 34. Kf2 Qb2 35. Ke3 h5 36. d6 h4 37. Be2 Qd4+ 38. Qxd4 exd4+ 39.
Kf2 Bxe2 40. Kxe2 Kf8 41. Bg5 Ke8 42. Bxh4 Kd7 43. Kd3 Kxd6 44. Kxd4 Rc4+ 45.
Kd3 Ra4 46. Bg3+ Ke6 47. Bc7 Rxa2 48. Kc3 Ra4 49. e5 Rc4+ 0-1

[Event "34. Copenhagen Open (Politiken Cup)"]
[Site "Elsinore"]
[Date "2012.08.02"]
[Round "7"]
[White "Justinussen, Sigurd B"]
[Black "Aartun, Eivind"]
[Result "0-1"]
[WhiteElo "1952"]
[BlackElo "1777"]
[PlyCount "42"]
[EventDate "2012.07.28"]
[EventType "swiss"]
[EventRounds "10"]
[EventCountry "DEN"]
[Source "ChessBase"]
[SourceDate "2012.08.24"]

1. e4 c5 2. Nf3 d6 3. c3 Nf6 4. Be2 Nc6 5. d3 e5 6. Bg5 Be7 7. Nbd2 Be6 8. O-O
O-O 9. Re1 Re8 10. Nf1 d5 11. exd5 Nxd5 12. Bxe7 Qxe7 13. Ne3 Rad8 14. Nxd5
Bxd5 15. b4 Bxf3 16. gxf3 Qh4 17. Bf1 Re6 18. Re3 Rh6 19. h3 Rg6+ 20. Kh1 Qxf2
21. Be2 Qg2# 0-1

[Event "34. Copenhagen Open (Politiken Cup)"]
[Site "Elsinore"]
[Date "2012.08.02"]
[Round "7"]
[White "Karlsson, Jorgen"]
[Black "Borg, Flemming"]
[Result "1-0"]
[WhiteElo "2163"]
[BlackElo "1750"]
[PlyCount "49"]
[EventDate "2012.07.28"]
[EventType "swiss"]
[EventRounds "10"]
[EventCountry "DEN"]
[Source "ChessBase"]
[SourceDate "2012.08.24"]

1. Nf3 Nf6 2. g3 d6 3. Bg2 e5 4. d3 c6 5. c4 Nbd7 6. Nc3 Be7 7. h4 h5 8. Ng5
Nf8 9. e4 Ne6 10. f4 Ng4 11. f5 Nxg5 12. hxg5 Qb6 13. Qe2 g6 14. f6 Bd8 15. Bf3
O-O 16. Nd1 d5 17. Ne3 Nxe3 18. Bxe3 Qb4+ 19. Kf2 dxe4 20. dxe4 Bb6 21. Bxb6
Qxb6+ 22. Kg2 Rd8 23. Bxh5 Rd4 24. Bf3 Be6 25. Rh4 1-0

[Event "34. Copenhagen Open (Politiken Cup)"]
[Site "Elsinore"]
[Date "2012.08.02"]
[Round "7"]
[White "Karlsson, Robin"]
[Black "Marttala, Thomas"]
[Result "0-1"]
[WhiteElo "1978"]
[BlackElo "2193"]
[PlyCount "70"]
[EventDate "2012.07.28"]
[EventType "swiss"]
[EventRounds "10"]
[EventCountry "DEN"]
[Source "ChessBase"]
[SourceDate "2012.08.24"]

1. d4 e6 2. c4 Bb4+ 3. Bd2 Qe7 4. Nf3 f5 5. g3 b6 6. Bg2 Bb7 7. O-O Bxd2 8.
Qxd2 Nf6 9. Nc3 O-O 10. d5 Na6 11. Ng5 Qb4 12. dxe6 Bxg2 13. Kxg2 h6 14. Nd5
Qd6 15. e7 Rfe8 16. Nf3 Ne4 17. Qc2 c6 18. Ne3 Qf6 19. a3 Rxe7 20. b4 Nc7 21.
Rfd1 Rae8 22. Nd4 g6 23. Qa4 a6 24. Qb3 Kh7 25. Nf3 Kg7 26. Rac1 h5 27. Nd2
Nxf2 28. Kxf2 f4 29. Nf3 Rxe3 30. Rxd7+ Kh6 31. Qd1 Rxe2+ 32. Kg1 fxg3 33. Qd3
R8e3 34. Rd6 Qf7 35. Qd4 gxh2+ 0-1

[Event "34. Copenhagen Open (Politiken Cup)"]
[Site "Elsinore"]
[Date "2012.08.02"]
[Round "7"]
[White "Kristensen, Bjarke Hautop"]
[Black "Gebhardt, Ulrich"]
[Result "1-0"]
[WhiteElo "1824"]
[BlackElo "2222"]
[PlyCount "55"]
[EventDate "2012.07.28"]
[EventType "swiss"]
[EventRounds "10"]
[EventCountry "DEN"]
[Source "ChessBase"]
[SourceDate "2012.08.24"]

1. c4 e5 2. g3 Nf6 3. Bg2 d5 4. cxd5 Nxd5 5. Nc3 Nb6 6. Nf3 Nc6 7. O-O Be7 8.
a3 O-O 9. b4 Be6 10. Rb1 a6 11. d3 f5 12. Bb2 Qd6 13. Na4 Nxa4 14. Qxa4 Bf6 15.
Rfd1 Bd5 16. Nd2 Kh8 17. Bxd5 Qxd5 18. Qb3 Qd7 19. e3 Rad8 20. Nf3 f4 21. d4
exd4 22. Nxd4 Qh3 23. Ne6 Rxd1+ 24. Rxd1 Bxb2 25. Nxf4 Rxf4 26. exf4 Bf6 27.
Qf7 h5 28. Rd5 1-0

[Event "34. Copenhagen Open (Politiken Cup)"]
[Site "Elsinore"]
[Date "2012.08.02"]
[Round "7"]
[White "Kristiansen, Jens"]
[Black "Leutwyler, Martin"]
[Result "1-0"]
[WhiteElo "2426"]
[BlackElo "2190"]
[PlyCount "45"]
[EventDate "2012.07.28"]
[EventType "swiss"]
[EventRounds "10"]
[EventCountry "DEN"]
[Source "ChessBase"]
[SourceDate "2012.08.24"]

1. d4 Nf6 2. Nf3 e6 3. Bg5 h6 4. Bxf6 Qxf6 5. e4 d6 6. Nc3 Nd7 7. Qd2 c6 8.
O-O-O e5 9. dxe5 dxe5 10. Nb5 cxb5 11. Bxb5 Bc5 12. Bxd7+ Ke7 13. Qd5 Bxf2 14.
Rhf1 Rd8 15. Nxe5 Bxd7 16. Nxd7 Be3+ 17. Kb1 Qe6 18. Qxb7 Ke8 19. Rd5 f6 20.
Rfd1 Rac8 21. Qb3 Bf4 22. Nxf6+ Qxf6 23. Rxd8+ 1-0

[Event "34. Copenhagen Open (Politiken Cup)"]
[Site "Elsinore"]
[Date "2012.08.02"]
[Round "7"]
[White "Kyrkjebo, Eirik"]
[Black "Edwardsson, Hannu Kalervo"]
[Result "1-0"]
[WhiteElo "1724"]
[BlackElo "1464"]
[PlyCount "63"]
[EventDate "2012.07.28"]
[EventType "swiss"]
[EventRounds "10"]
[EventCountry "DEN"]
[Source "ChessBase"]
[SourceDate "2012.08.24"]

1. e4 e5 2. Nf3 d6 3. Nc3 Nf6 4. d4 exd4 5. Nxd4 Be7 6. Bc4 O-O 7. O-O Bd7 8.
Qf3 Nc6 9. Be3 Ne5 10. Qe2 Nxc4 11. Qxc4 c5 12. Nde2 a6 13. a4 b6 14. Rad1 Bc6
15. f3 Qc7 16. Nf4 a5 17. Nfd5 Bxd5 18. Nxd5 Nxd5 19. Rxd5 Rad8 20. f4 Kh8 21.
Rf3 g6 22. f5 Bf6 23. Bh6 Rfe8 24. fxg6 fxg6 25. Rxf6 Qe7 26. Qc3 Kg8 27. Rfxd6
Rxd6 28. Rxd6 Qe5 29. Qxe5 Rxe5 30. Rf6 Re8 31. e5 Rd8 32. h3 1-0

[Event "34. Copenhagen Open (Politiken Cup)"]
[Site "Elsinore"]
[Date "2012.08.02"]
[Round "7"]
[White "Kyrkjebo, Erlend"]
[Black "Bjerke, Richard"]
[Result "1-0"]
[WhiteElo "2035"]
[BlackElo "2162"]
[PlyCount "89"]
[EventDate "2012.07.28"]
[EventType "swiss"]
[EventRounds "10"]
[EventCountry "DEN"]
[Source "ChessBase"]
[SourceDate "2012.08.24"]

1. e4 e6 2. d4 d5 3. Nd2 c5 4. exd5 exd5 5. Ngf3 Nc6 6. Bb5 Bd6 7. dxc5 Bxc5 8.
O-O Nge7 9. Nb3 Bd6 10. Nbd4 O-O 11. c3 Qc7 12. h3 a6 13. Bd3 Bf4 14. Bxf4 Qxf4
15. Re1 Ng6 16. Qc2 Bd7 17. Rad1 Nxd4 18. Nxd4 Rfe8 19. Rxe8+ Rxe8 20. Bxg6
hxg6 21. Qb3 Bc6 22. Qb6 Qd6 23. Nxc6 Qxc6 24. Qxc6 bxc6 25. Kf1 f5 26. Rd4 Rb8
27. b3 Rb5 28. Ke2 Kf7 29. Kd3 Ke6 30. c4 Ra5 31. a4 g5 32. cxd5+ Rxd5 33. Kc4
a5 34. Rxd5 cxd5+ 35. Kc5 Ke5 36. b4 Ke4 37. bxa5 d4 38. a6 d3 39. a7 d2 40.
a8=Q+ Kd3 41. Qf3+ Kc2 42. Qe2 Kc1 43. Qc4+ Kb2 44. Qd3 Kc1 45. Qc3+ 1-0

[Event "34. Copenhagen Open (Politiken Cup)"]
[Site "Elsinore"]
[Date "2012.08.02"]
[Round "7"]
[White "Kyrkjebo, Hanna Bakken"]
[Black "Christiansen, Niels Jorgen"]
[Result "1-0"]
[WhiteElo "1536"]
[BlackElo "1775"]
[PlyCount "98"]
[EventDate "2012.07.28"]
[EventType "swiss"]
[EventRounds "10"]
[EventCountry "DEN"]
[Source "ChessBase"]
[SourceDate "2012.08.24"]

1. e4 e5 2. Nf3 Nc6 3. Nc3 f5 4. exf5 Bc5 5. Bc4 d6 6. d3 Bxf5 7. Ng5 Bg6 8.
Ne6 Qd7 9. Nd5 Bb6 10. Qf3 Ba5+ 11. b4 Bxb4+ 12. Nxb4 Nf6 13. Nxc6 bxc6 14. Ng5
d5 15. Bb3 O-O 16. O-O h6 17. Nh3 Nh5 18. Qe2 Qd6 19. Bb2 Rae8 20. Qd2 Rf6 21.
Rae1 Bf7 22. Kh1 Be6 23. Qe2 Rf5 24. Bxe5 Qf8 25. Bg3 Bd7 26. Qd1 Nxg3+ 27.
hxg3 Rxe1 28. Qxe1 Rh5 29. Qe2 Qf5 30. g4 Qxg4 31. Qxg4 Bxg4 32. Kh2 Bd7 33.
Rh1 g5 34. Kg1 Kg7 35. f3 Rh4 36. Nf2 Rf4 37. Kf1 Rf6 38. Ke2 Be6 39. Kd2 c5
40. a3 c4 41. dxc4 dxc4 42. Ba4 Bf7 43. Ra1 Rf4 44. c3 g4 45. Nxg4 Rf5 46. Bc6
h5 47. Ne3 Rf6 48. Be4 Rd6+ 49. Kc2 h4 1-0

[Event "34. Copenhagen Open (Politiken Cup)"]
[Site "Elsinore"]
[Date "2012.08.02"]
[Round "7"]
[White "L'Ami, Erwin"]
[Black "Aagaard, Jacob"]
[Result "1/2-1/2"]
[WhiteElo "2615"]
[BlackElo "2506"]
[PlyCount "44"]
[EventDate "2012.07.28"]
[EventType "swiss"]
[EventRounds "10"]
[EventCountry "DEN"]
[Source "ChessBase"]
[SourceDate "2012.08.24"]

1. d4 d5 2. c4 e6 3. Nc3 c5 4. cxd5 exd5 5. Nf3 Nc6 6. dxc5 d4 7. Na4 Bxc5 8.
Nxc5 Qa5+ 9. Bd2 Qxc5 10. Rc1 Qb6 11. e3 Nf6 12. Bc4 dxe3 13. Bxe3 Qb4+ 14. Bd2
Qe7+ 15. Be2 O-O 16. O-O Rd8 17. Re1 Ne4 18. Bb5 Bg4 19. Bxc6 bxc6 20. Qe2 Re8
21. Qe3 Qd7 22. Bc3 Nxc3 1/2-1/2